[Event "Aragon-chT Preferente Gr I"]
[Site "Aragon"]
[Date "2023.03.18"]
[Round "8.49"]
[White "Alonso Blasco, Jose Miguel"]
[Black "Perez Tomas, Juan Manuel"]
[Result "1-0"]
[WhiteElo "1942"]
[BlackElo "1807"]
[PlyCount "59"]
[EventDate "2023.01.28"]
[EventType "team-tourn"]
[EventRounds "9"]
[EventCountry "ESP"]
[SourceTitle "EXT 2024"]
[Source "ChessBase"]
[SourceDate "2023.10.10"]
[SourceVersion "1"]
[SourceVersionDate "2023.10.10"]
[SourceQuality "1"]
[WhiteTeam "Las Fuentes"]
[BlackTeam "Marcos Frechin II"]
[WhiteTeamCountry "ESP"]
[BlackTeamCountry "ESP"]

1. e4 c5 2. Nf3 d6 3. Bb5+ Nd7 4. d4 cxd4 5. Qxd4 a6 6. Bxd7+ Bxd7 7. c4 Nf6 8. Nc3 Rc8 9. 0-0 Qc7 10. b3 e5 11. Qd1 b5 12. Nd5 Nxd5 13. cxd5 Be7 14. h3 f5 15. exf5 Bxf5 16. Bg5 0-0 17. Rc1 Qb7 18. Rxc8 Rxc8 19. Bxe7 Qxe7 20. Qd2 h6 21. Rc1 Qb7 22. Rxc8+ Qxc8 23. Nh4 Be4 24. f3 Qc5+ 25. Kh2 Bb1 26. g4 Qa3 27. Nf5 Qxa2 28. Qxa2 Bxa2 29. b4 Bxd5 30. Ne7+ 1-0

[Event "Aragon-chT Preferente Gr-I"]
[Site "Aragon"]
[Date "2020.03.07"]
[Round "7.34"]
[White "Alonso Blasco, Jose Miguel"]
[Black "Sanchez Castro, Roberto"]
[Result "0-1"]
[WhiteElo "1955"]
[BlackElo "1943"]
[PlyCount "122"]
[EventDate "2020.01.25"]
[EventType "team-tourn"]
[EventRounds "9"]
[EventCountry "ESP"]
[SourceTitle "EXT 2022"]
[Source "ChessBase"]
[SourceDate "2021.10.06"]
[SourceVersion "1"]
[SourceVersionDate "2021.10.06"]
[SourceQuality "1"]
[WhiteTeam "Las Fuentes"]
[BlackTeam "IberCaja II"]
[WhiteTeamCountry "ESP"]
[BlackTeamCountry "ESP"]

1. e4 c5 2. Nf3 Nc6 3. Bb5 Qa5 4. Qe2 e6 5. c3 a6 6. Bd3 Nge7 7. 0-0 Ng6 8. Bc2 Qc7 9. d4 b6 10. Rd1 Bb7 11. a4 Be7 12. Na3 0-0 13. d5 Nd8 14. Nc4 d6 15. Ne3 Nf4 16. Qf1 e5 17. g3 Ng6 18. h4 Re8 19. h5 Nf8 20. Nf5 Nd7 21. Qh3 Bf8 22. Qg4 Kh8 23. Kg2 Nf6 24. Qg5 Ng8 25. Rh1 f6 26. Qe3 Bc8 27. N3h4 Nh6 28. Nxh6 gxh6 29. Qf3 Bg7 30. Nf5 Nf7 31. Be3 Rg8 32. Nxg7 Kxg7 33. Qe2 Kh8 34. Qd2 Ng5 35. f4 exf4 36. Bxf4 Qe7 37. Rae1 Bg4 38. Bxg5 hxg5 39. Bd1 Bd7 40. g4 Qe5 41. Rhf1 h6 42. Qf2 Rgf8 43. Qg3 Kg7 44. Qxe5 fxe5 45. Kg3 Rf4 46. b3 Raf8 47. Be2 Rxe4 48. Rxf8 Kxf8 49. Rf1+ Ke7 50. Bxa6 Rxg4+ 51. Kf2 Rf4+ 52. Ke3 Rxf1 53. Bxf1 Be8 54. Be2 c4 55. b4 Bxa4 56. Bxc4 Bd1 57. Ke4 Kf6 58. Ba2 Bxh5 59. c4 Bg6+ 60. Kf3 Bf5 61. Bb3 h5 0-1

[Event "Aragon-chT Preferente Gr-II"]
[Site "Aragon"]
[Date "2019.03.09"]
[Round "7.70"]
[White "Alonso Blasco, Jose Miguel"]
[Black "Farinas Argudo, Adrian"]
[Result "1-0"]
[WhiteElo "1958"]
[BlackElo "1794"]
[PlyCount "64"]
[EventDate "2019.01.26"]
[EventType "team-tourn"]
[EventRounds "9"]
[EventCountry "ESP"]
[SourceTitle "EXT 2020"]
[Source "ChessBase"]
[SourceDate "2019.10.17"]
[SourceVersion "1"]
[SourceVersionDate "2019.10.17"]
[SourceQuality "1"]
[WhiteTeam "Las Fuentes"]
[BlackTeam "Marcos Frechin II"]
[WhiteTeamCountry "ESP"]
[BlackTeamCountry "ESP"]

1. e4 e5 2. Nf3 Nc6 3. Bb5 Bc5 4. 0-0 d6 5. c3 Bd7 6. d4 exd4 7. cxd4 Bb6 8. Nc3 Nge7 9. h3 0-0 10. Na4 Ba5 11. Bd2 Bxd2 12. Qxd2 Ng6 13. Nc3 Re8 14. Rfe1 a6 15. Bf1 h6 16. Nd5 Be6 17. Nc3 d5 18. exd5 Bxd5 19. Rxe8+ Qxe8 20. Nxd5 Qe4 21. Nc3 Qe7 22. d5 Rd8 23. Qe3 Qxe3 24. fxe3 Nb4 25. e4 Nc2 26. Rc1 Ne3 27. g3 Nxf1 28. Kxf1 f6 29. Kf2 Kf7 30. Ne2 Rc8 31. Ned4 Nf8 32. Nf5 Nd7 1-0

[Event "Aragon-chT Preferente Gr I "]
[Site "Aragon"]
[Date "2018.02.24"]
[Round "5.42"]
[White "Alonso Blasco, Jose Miguel"]
[Black "Felez Casedas, Carlos"]
[Result "1/2-1/2"]
[WhiteElo "1949"]
[BlackElo "1998"]
[PlyCount "48"]
[EventDate "2018.01.27"]
[EventType "team-tourn"]
[EventRounds "9"]
[EventCountry "ESP"]
[SourceTitle "EXT 2019"]
[Source "ChessBase"]
[SourceDate "2018.10.10"]
[SourceVersion "1"]
[SourceVersionDate "2018.10.10"]
[SourceQuality "1"]
[WhiteTeam "Las Fuentes"]
[BlackTeam "La Aurora Estadilla"]
[WhiteTeamCountry "ESP"]
[BlackTeamCountry "ESP"]

1. e4 e5 2. Nf3 Nf6 3. Nxe5 d6 4. Nf3 Nxe4 5. d4 d5 6. Bd3 Nc6 7. 0-0 Bg4 8. Re1 Be7 9. c3 f5 10. Nbd2 0-0 11. Qb3 Nxd2 12. Nxd2 Qd6 13. Nf1 f4 14. f3 Bh4 15. Rd1 Bh5 16. Qc2 h6 17. Bd2 Rae8 18. Be1 Qf6 19. Bxh4 Qxh4 20. Qf2 Qf6 21. Re1 Bg6 22. Bxg6 Qxg6 23. Rxe8 Rxe8 24. Re1 Re6 1/2-1/2

[Event "Aragon-chT Preferente Gr I "]
[Site "Aragon"]
[Date "2018.01.27"]
[Round "1.35"]
[White "Alonso Blasco, Jose Miguel"]
[Black "Fernandez Sierra, Pedro Jose"]
[Result "1-0"]
[WhiteElo "1949"]
[BlackElo "1541"]
[PlyCount "71"]
[EventDate "2018.01.27"]
[EventType "team-tourn"]
[EventRounds "9"]
[EventCountry "ESP"]
[SourceTitle "EXT 2019"]
[Source "ChessBase"]
[SourceDate "2018.10.10"]
[SourceVersion "1"]
[SourceVersionDate "2018.10.10"]
[SourceQuality "1"]
[WhiteTeam "Las Fuentes"]
[BlackTeam "Actur Rey Fernando"]
[WhiteTeamCountry "ESP"]
[BlackTeamCountry "ESP"]

1. e4 e6 2. d4 d5 3. Nd2 dxe4 4. Nxe4 Bd7 5. Nf3 Bc6 6. Bd3 Nd7 7. 0-0 Ngf6 8. Qe2 Bxe4 9. Bxe4 Nxe4 10. Qxe4 c6 11. b3 Nf6 12. Qe2 Be7 13. Bb2 0-0 14. c4 Qa5 15. Rfd1 Ba3 16. Bxa3 Qxa3 17. Rd3 Qa5 18. Ne5 Rad8 19. Rad1 Rd6 20. Qd2 Qxd2 21. R1xd2 Rfd8 22. f3 Nh5 23. g3 g6 24. Kf2 Ng7 25. Ke3 Nf5+ 26. Ke4 f6 27. Ng4 Nxg3+ 28. hxg3 f5+ 29. Ke5 fxg4 30. fxg4 Kg7 31. g5 c5 32. d5 exd5 33. Rxd5 Rxd5+ 34. cxd5 Rf8 35. d6 Rf5+ 36. Ke6 1-0

[Event "Aragon-chT Preferente A"]
[Site "Aragon"]
[Date "2017.03.11"]
[Round "7.46"]
[White "Alonso Blasco, Jose Miguel"]
[Black "Aribau Rivas, Miguel Angel"]
[Result "1/2-1/2"]
[WhiteElo "1952"]
[BlackElo "2030"]
[PlyCount "78"]
[EventDate "2017.01.28"]
[EventType "team-tourn"]
[EventRounds "9"]
[EventCountry "ESP"]
[SourceTitle "EXT 2018"]
[Source "ChessBase"]
[SourceDate "2017.10.13"]
[SourceVersion "1"]
[SourceVersionDate "2017.10.13"]
[SourceQuality "1"]
[WhiteTeam "Las Fuentes"]
[BlackTeam "Fraga"]
[WhiteTeamCountry "ESP"]
[BlackTeamCountry "ESP"]

1. e4 c5 2. Nf3 e6 3. c3 d5 4. exd5 Qxd5 5. d4 Nc6 6. Na3 a6 7. Nc4 Qd8 8. Be3 cxd4 9. Nxd4 Bd7 10. Be2 Nf6 11. Bf3 Qc7 12. Nxc6 Bxc6 13. Bb6 Qd7 14. Bd4 Bxf3 15. Qxf3 Qd5 16. Qxd5 Nxd5 17. 0-0-0 Rc8 18. Nb6 Nxb6 19. Bxb6 Bc5 20. Bxc5 Rxc5 21. Rd6 Ke7 22. Rhd1 Rc7 23. R1d3 h5 24. Kd2 Rh6 25. Rb6 Rf6 26. Ke2 Rf5 27. g3 g6 28. f4 h4 29. Kf3 g5 30. Kg4 hxg3 31. hxg3 gxf4 32. gxf4 Rf6 33. Rd4 Rg6+ 34. Kf3 Rg1 35. Rdb4 Kf6 36. Kf2 Rg4 37. Kf3 Rg1 38. Rxb7 Rc5 39. Re4 Rf5 1/2-1/2

[Event "Aragon-chT Preferente B"]
[Site "Aragon"]
[Date "2016.04.02"]
[Round "9.58"]
[White "Campo Millan, Diego"]
[Black "Alonso Blasco, Jose Miguel"]
[Result "1/2-1/2"]
[WhiteElo "2062"]
[BlackElo "2064"]
[PlyCount "30"]
[EventDate "2016.01.30"]
[EventType "team-tourn"]
[EventRounds "9"]
[EventCountry "ESP"]
[SourceTitle "EXT 2018"]
[Source "ChessBase"]
[SourceDate "2017.10.13"]
[SourceVersion "1"]
[SourceVersionDate "2017.10.13"]
[SourceQuality "1"]
[WhiteTeam "Delicias II"]
[BlackTeam "Las Fuentes"]
[WhiteTeamCountry "ESP"]
[BlackTeamCountry "ESP"]

1. e4 c6 2. d4 d5 3. Nc3 dxe4 4. Nxe4 Nf6 5. Nxf6+ gxf6 6. Nf3 Bf5 7. Bd3 Bg6 8. Bf4 e6 9. 0-0 Bd6 10. Bxd6 Qxd6 11. Re1 Nd7 12. Qe2 0-0-0 13. Rad1 Kb8 14. c4 c5 15. dxc5 Qxc5 1/2-1/2

[Event "Aragon-chT Preferente B"]
[Site "Aragon"]
[Date "2015.03.21"]
[Round "9.53"]
[White "Valles Mata, David"]
[Black "Alonso Blasco, Jose Miguel"]
[Result "1/2-1/2"]
[WhiteElo "2196"]
[BlackElo "2078"]
[PlyCount "49"]
[EventDate "2015.01.24"]
[EventType "team-tourn"]
[EventRounds "9"]
[EventCountry "ESP"]
[SourceTitle "EXT 2017"]
[Source "ChessBase"]
[SourceDate "2016.10.25"]
[SourceVersion "1"]
[SourceVersionDate "2016.10.25"]
[SourceQuality "1"]
[WhiteTeam "La Aurora Estadilla"]
[BlackTeam "Las Fuentes"]
[WhiteTeamCountry "ESP"]
[BlackTeamCountry "ESP"]

1. e4 c6 2. d4 d5 3. Nc3 dxe4 4. Nxe4 Nf6 5. Ng3 e5 6. Nf3 exd4 7. Qxd4 Qxd4 8. Nxd4 Bc5 9. Nb3 Bb6 10. Bd3 0-0 11. 0-0 Be6 12. Bg5 Nbd7 13. Nf5 Nd5 14. Nd6 Rab8 15. Rfe1 Bc7 16. Nf5 Rfe8 17. Nbd4 Nc5 18. Nxe6 fxe6 19. Nd4 Nxd3 20. cxd3 Kf7 21. Rad1 h6 22. Bh4 g5 23. Bg3 Nf4 24. Bxf4 Bxf4 25. Nf3 1/2-1/2

[Event "Aragon-chT Preferente B"]
[Site "Aragon"]
[Date "2015.02.28"]
[Round "6.54"]
[White "Fuster Garcia, Luis Miguel"]
[Black "Alonso Blasco, Jose Miguel"]
[Result "1/2-1/2"]
[WhiteElo "2195"]
[BlackElo "2078"]
[PlyCount "55"]
[EventDate "2015.01.24"]
[EventType "team-tourn"]
[EventRounds "9"]
[EventCountry "ESP"]
[SourceTitle "EXT 2017"]
[Source "ChessBase"]
[SourceDate "2016.10.25"]
[SourceVersion "1"]
[SourceVersionDate "2016.10.25"]
[SourceQuality "1"]
[WhiteTeam "Marcos Frechin"]
[BlackTeam "Las Fuentes"]
[WhiteTeamCountry "ESP"]
[BlackTeamCountry "ESP"]

1. e4 c6 2. Nc3 d5 3. Nf3 Bg4 4. h3 Bxf3 5. Qxf3 e6 6. exd5 cxd5 7. d4 Nc6 8. Bb5 Nge7 9. Be3 a6 10. Bxc6+ Nxc6 11. 0-0 Be7 12. Ne2 Bf6 13. c3 0-0 14. Qg4 Kh8 15. Nf4 g6 16. Nd3 Bg7 17. f4 Ne7 18. Qf3 Nf5 19. g4 Nd6 20. Ne5 f6 21. Nd3 f5 22. gxf5 gxf5 23. Kh2 Ne4 24. Rg1 Qe7 25. Ne5 Bxe5 26. fxe5 Qh4 27. Rg2 Rg8 28. Rag1 1/2-1/2

[Event "Aragon-chT Preferente B"]
[Site "Aragon"]
[Date "2015.02.21"]
[Round "5.54"]
[White "Alonso Blasco, Jose Miguel"]
[Black "Garcia Montolar, Cesar"]
[Result "1-0"]
[WhiteElo "2078"]
[BlackElo "1834"]
[PlyCount "67"]
[EventDate "2015.01.24"]
[EventType "team-tourn"]
[EventRounds "9"]
[EventCountry "ESP"]
[SourceTitle "EXT 2017"]
[Source "ChessBase"]
[SourceDate "2016.10.25"]
[SourceVersion "1"]
[SourceVersionDate "2016.10.25"]
[SourceQuality "1"]
[WhiteTeam "Las Fuentes"]
[BlackTeam "Tauste II"]
[WhiteTeamCountry "ESP"]
[BlackTeamCountry "ESP"]

1. e4 c5 2. Nf3 d6 3. Bb5+ Nc6 4. 0-0 e6 5. Re1 Bd7 6. c3 Qb6 7. Bf1 Nf6 8. d4 d5 9. exd5 Nxd5 10. c4 Nc7 11. d5 Nd4 12. Nc3 f6 13. Nxd4 cxd4 14. dxe6 Bc6 15. Nd5 Bxd5 16. cxd5 Be7 17. Bf4 0-0 18. Bxc7 Qxc7 19. Qxd4 Bc5 20. Qd2 Qd6 21. a3 Rfe8 22. Bb5 Re7 23. Bd7 Rd8 24. Red1 Kf8 25. Rac1 Bb6 26. g3 Kg8 27. Qf4 Rexd7 28. exd7 Qxd7 29. d6 Kf8 30. Rc2 Qe6 31. b4 Rd7 32. Rc8+ Bd8 33. Qf3 Rxd6 34. Rxd8+ 1-0

[Event "Aragon-chT Preferente B"]
[Site "Aragon"]
[Date "2014.02.22"]
[Round "5.66"]
[White "Alonso Blasco, Jose Miguel"]
[Black "Sebastian Bespin, Ruben"]
[Result "1/2-1/2"]
[WhiteElo "2105"]
[BlackElo "2153"]
[PlyCount "96"]
[EventDate "2014.01.25"]
[EventType "team-tourn"]
[EventRounds "9"]
[EventCountry "ESP"]
[SourceTitle "EXT 2015"]
[Source "ChessBase"]
[SourceDate "2014.11.20"]
[SourceVersion "1"]
[SourceVersionDate "2014.11.20"]
[SourceQuality "1"]
[WhiteTeam "Las Fuentes"]
[BlackTeam "Marcos Frechin"]
[WhiteTeamCountry "ESP"]
[BlackTeamCountry "ESP"]

1. e4 e6 2. d4 d5 3. Nd2 Nf6 4. e5 Nfd7 5. c3 c5 6. Bd3 Nc6 7. Ne2 Qb6 8. Nf3 cxd4 9. cxd4 f6 10. exf6 Nxf6 11. 0-0 Bd6 12. b3 0-0 13. Bf4 Bxf4 14. Nxf4 Ne4 15. g3 Nxd4 16. Bxe4 dxe4 17. Qxd4 exf3 18. Qxb6 axb6 19. Rfe1 g5 20. Nxe6 Bxe6 21. Rxe6 Rfe8 22. Rxe8+ Rxe8 23. g4 b5 24. h3 Re2 25. Rd1 Rxa2 26. Rd5 b4 27. Rxg5+ Kf7 28. Rb5 Ra7 29. Kh2 Ke6 30. Kg3 Kd6 31. Rxb4 Kc6 32. Rc4+ Kb5 33. Rc7 h6 34. h4 Kb4 35. g5 hxg5 36. hxg5 Kxb3 37. g6 Ra1 38. Rxb7+ Kc4 39. Kxf3 Kd5 40. g7 Rg1 41. Kf4 Ke6 42. f3 Kf6 43. Ke3 Rg2 44. Ra7 Ke6 45. f4 Kf6 46. Kf3 Rg1 47. Ke4 Re1+ 48. Kd4 Rd1+ 1/2-1/2

[Event "Aragon-chT Preferente Ascenso"]
[Site "Aragon"]
[Date "2013.04.06"]
[Round "10.34"]
[White "Dominguez Bujeda, Jesus"]
[Black "Alonso Blasco, Jose Miguel"]
[Result "1-0"]
[WhiteElo "2146"]
[BlackElo "2116"]
[PlyCount "79"]
[EventDate "2013.01.26"]
[EventType "team-tourn"]
[EventRounds "11"]
[EventCountry "ESP"]
[SourceTitle "EXT 2014"]
[Source "ChessBase"]
[SourceDate "2013.11.20"]
[SourceVersion "1"]
[SourceVersionDate "2013.11.20"]
[SourceQuality "1"]
[WhiteTeam "Teruel"]
[BlackTeam "Las Fuentes"]
[WhiteTeamCountry "ESP"]
[BlackTeamCountry "ESP"]

1. c4 Nf6 2. Nc3 e6 3. e4 d5 4. e5 d4 5. exf6 dxc3 6. bxc3 Qxf6 7. d4 e5 8. Nf3 exd4 9. Bg5 Qe6+ 10. Be2 Be7 11. cxd4 Bb4+ 12. Bd2 Bxd2+ 13. Qxd2 0-0 14. 0-0 Qf6 15. Rab1 Rd8 16. Bd3 h6 17. Rfe1 b6 18. Be4 c6 19. Ne5 Bf5 20. Qf4 Bxe4 21. Qxe4 Qe6 22. Qh4 Na6 23. Re4 Rd6 24. Rbe1 Qf6 25. Qg4 Qg5 26. Qe2 Rad8 27. Nf3 Qa5 28. Re7 Nb4 29. Ne5 Rf8 30. Nd7 Rd8 31. Re8+ Rxe8 32. Qxe8+ Kh7 33. Nf8+ Kg8 34. Ng6+ Kh7 35. Ne7 h5 36. Qg8+ Kh6 37. Qh8+ Kg5 38. Qxg7+ Rg6 39. Nxg6 Nd3 40. Ne5+ 1-0

[Event "Aragon-chT Preferente A"]
[Site "Aragon"]
[Date "2013.02.02"]
[Round "2.49"]
[White "Del Corral Abancens, Alfonso"]
[Black "Alonso Blasco, Jose Miguel"]
[Result "0-1"]
[WhiteElo "1923"]
[BlackElo "2116"]
[PlyCount "68"]
[EventDate "2013.01.26"]
[EventType "team"]
[EventRounds "9"]
[EventCountry "ESP"]
[SourceTitle "EXT 2014"]
[Source "ChessBase"]
[SourceDate "2013.11.20"]
[SourceVersion "1"]
[SourceVersionDate "2013.11.20"]
[SourceQuality "1"]
[WhiteTeam "Shatranj"]
[BlackTeam "Las Fuentes"]
[WhiteTeamCountry "ESP"]
[BlackTeamCountry "ESP"]

1. e4 c6 2. d4 d5 3. e5 Bf5 4. Nc3 e6 5. g4 Bg6 6. Nge2 Bb4 7. a3 Bxc3+ 8. Nxc3 h5 9. Bd3 Bxd3 10. Qxd3 hxg4 11. Be3 Ne7 12. 0-0-0 Nf5 13. Rdg1 Rh4 14. Bf4 Qb6 15. Ne2 c5 16. dxc5 Qxc5 17. Bg3 Rh3 18. Rd1 Nc6 19. Kb1 0-0-0 20. Rc1 Qc4 21. f4 gxf3 22. Qxf3 Nxg3 23. Nxg3 Nd4 24. Qe3 Nc6 25. Qf2 Rd7 26. Rhe1 Qd4 27. Re3 Rxh2 28. Qxh2 Qxe3 29. Qh8+ Kc7 30. Qxg7 f5 31. Qf8 Rd8 32. Qf7+ Rd7 33. Qe8 Qh6 34. Ne2 d4 0-1

[Event "Aragon-chT Preferente A"]
[Site "Aragon"]
[Date "2012.03.24"]
[Round "8.46"]
[White "Alonso Blasco, Jose Miguel"]
[Black "Barcena Laguia, Francisco"]
[Result "1-0"]
[WhiteElo "2119"]
[BlackElo "1922"]
[PlyCount "61"]
[EventDate "2012.02.04"]
[EventType "team"]
[EventRounds "9"]
[EventCountry "ESP"]
[SourceTitle "EXT 2014"]
[Source "ChessBase"]
[SourceDate "2013.11.20"]
[SourceVersion "1"]
[SourceVersionDate "2013.11.20"]
[SourceQuality "1"]
[WhiteTeam "Las Fuentes"]
[BlackTeam "Teruel"]
[WhiteTeamCountry "ESP"]
[BlackTeamCountry "ESP"]

1. e4 c5 2. Nf3 Nc6 3. Bb5 g6 4. 0-0 Bg7 5. c3 Nf6 6. e5 Ng4 7. d4 cxd4 8. cxd4 0-0 9. h3 Nh6 10. Nc3 d6 11. Bf4 dxe5 12. dxe5 Bd7 13. Qd2 Nf5 14. g4 g5 15. Bxg5 Bxe5 16. gxf5 f6 17. Bh6 Bxf5 18. Bxc6 bxc6 19. Nxe5 Qxd2 20. Bxd2 fxe5 21. Kh2 Rad8 22. Rg1+ Kh8 23. Bh6 Rf7 24. Rad1 Rd6 25. Be3 a6 26. Bc5 Rxd1 27. Rxd1 Kg7 28. Re1 Kf6 29. Ne4+ Bxe4 30. Rxe4 Ke6 31. Be3 1-0

[Event "Aragon-chT Preferente-A"]
[Site "Spain"]
[Date "2011.03.19"]
[Round "7.2"]
[White "Alonso Blasco, Jose Miguel"]
[Black "Sanmartin Agustin, Alvaro"]
[Result "1/2-1/2"]
[WhiteElo "2130"]
[BlackElo "1994"]
[PlyCount "132"]
[EventDate "2011.02.05"]
[EventType "team-tourn"]
[EventRounds "9"]
[EventCountry "ESP"]
[SourceTitle "EXT 2013"]
[Source "ChessBase"]
[SourceDate "2012.11.22"]
[SourceVersion "1"]
[SourceVersionDate "2012.11.22"]
[SourceQuality "1"]
[WhiteTeam "Las Fuentes"]
[BlackTeam "Ramiro III"]
[WhiteTeamCountry "ESP"]
[BlackTeamCountry "ESP"]

1. e4 e6 2. d4 c5 3. d5 exd5 4. exd5 d6 5. Bb5+ Nd7 6. Qe2+ Be7 7. Bf4 a6 8. Bd3 Qa5+ 9. c3 Qc7 10. Nf3 Ngf6 11. c4 b5 12. b3 0-0 13. 0-0 Nh5 14. Qxe7 Nxf4 15. Bxh7+ Kxh7 16. Qh4+ Kg8 17. Qxf4 Nf6 18. Nbd2 Rb8 19. Rad1 a5 20. Rfe1 a4 21. h3 bxc4 22. bxc4 Rb6 23. Ng5 Nh7 24. Nxh7 Kxh7 25. Qh4+ Kg8 26. Re7 Qd8 27. Rde1 Rb7 28. Qe4 Bf5 29. Qe3 Qxe7 30. Qxe7 Rxe7 31. Rxe7 Rb8 32. a3 Rb2 33. Nf3 f6 34. Re3 Rc2 35. Nh4 Rc1+ 36. Kh2 Bb1 37. Re8+ Kf7 38. Rb8 Be4 39. Rb7+ Kg8 40. f3 Bd3 41. g4 Bxc4 42. Nf5 g5 43. Rd7 Rc2+ 44. Kg3 Bf1 45. Ne3 Rc1 46. Rxd6 Kf7 47. Nxf1 Rxf1 48. Ra6 Rd1 49. Rxa4 Rxd5 50. Rc4 Ke6 51. a4 Kd6 52. h4 gxh4+ 53. Kxh4 Rd3 54. f4 Kd5 55. Rc1 Rd4 56. Ra1 Rxf4 57. Kg3 Re4 58. a5 Re7 59. a6 Ra7 60. Kf4 Kc4 61. Kf5 Kb3 62. Kxf6 Kb2 63. Ra5 c4 64. g5 c3 65. g6 c2 66. Rb5+ Ka1 1/2-1/2

[Event "Aragon-chT Preferente-A"]
[Site "Spain"]
[Date "2011.03.12"]
[Round "6.2"]
[White "Alcon Herrero, Javier"]
[Black "Alonso Blasco, Jose Miguel"]
[Result "1/2-1/2"]
[WhiteElo "2069"]
[BlackElo "2130"]
[PlyCount "72"]
[EventDate "2011.02.05"]
[EventType "team-tourn"]
[EventRounds "9"]
[EventCountry "ESP"]
[SourceTitle "EXT 2013"]
[Source "ChessBase"]
[SourceDate "2012.11.22"]
[SourceVersion "1"]
[SourceVersionDate "2012.11.22"]
[SourceQuality "1"]
[WhiteTeam "Ciudad del Compromiso"]
[BlackTeam "Las Fuentes"]
[WhiteTeamCountry "ESP"]
[BlackTeamCountry "ESP"]

1. d4 Nf6 2. Nf3 e6 3. Bg5 c5 4. e3 Qb6 5. b3 Ne4 6. Bf4 cxd4 7. exd4 Bb4+ 8. Bd2 Nxd2 9. Nbxd2 Bc3 10. Rc1 Bb2 11. Rb1 Bxd4 12. Nxd4 Qxd4 13. Bd3 Qe5+ 14. Kf1 b6 15. Qf3 d5 16. Re1 Qd6 17. Qg4 0-0 18. Qh4 h6 19. Nf3 Ba6 20. g4 Bxd3+ 21. cxd3 Qf4 22. Ne5 Rc8 23. Kg2 Nc6 24. Nf3 e5 25. Re3 e4 26. dxe4 dxe4 27. Nd2 f5 28. h3 Rd8 29. Nb1 Ne5 30. Qe7 fxg4 31. Nc3 gxh3+ 32. Rhxh3 Ng4 33. Re2 Re8 34. Qb7 Nf6 35. Rg3 Nh5 36. Rxe4 Qf7 1/2-1/2